000 00366pab a2200145 454500
008 180718b1985 xxu||||| |||| 00| 0 eng d
100 _aRaj, K.N.
245 _aKerala's problems in the national context
260 _c1985
300 _a11-14,34
362 _a13 July
650 _aFederal - State Relations - India - Kerala
773 _aMainstream
909 _a8407
999 _c8407
_d8407